| 000 | 00591nam a22002057a 4500 | ||
|---|---|---|---|
| 003 | OSt | ||
| 005 | 20160822181905.0 | ||
| 008 | 160822b xxu||||| |||| 00| 0 eng d | ||
| 020 | _a0727911910 | ||
| 040 | _c040a | ||
| 082 |
_aWO 200 _bW44p 1995 |
||
| 100 |
_aSmith, Ian...[etal] _910868 |
||
| 245 |
_aTotal intravenous anaesthesia / _cIan Smith |
||
| 260 |
_aLondon _bBMJ Books _c1995 |
||
| 300 |
_aix, 153p; _bill : _c15 cm. |
||
| 440 |
_aPrinciples and practice series _93683 |
||
| 504 | _aIncludes bibliographic references and index | ||
| 650 |
_aAnaesthesia _910869 |
||
| 942 |
_2z _cO_SHELF |
||
| 999 |
_c5066 _d5066 |
||